| 000 | 01474nam a2200361 c 4500 | ||
|---|---|---|---|
| 003 | BLK | ||
| 005 | 20250113094109.0 | ||
| 008 | 180410b bul|||||r ||||||| ||bul|| | ||
| 010 | _aKNG00161978000 | ||
| 020 |
_a978-954-365-044-6 _bиздат.: Еднорог |
||
| 040 | _aBLK | ||
| 041 |
_aBUL _cBUL |
||
| 072 | 7 |
_2bullib _aН83 _xЧужда художествена литература Н |
|
| 080 |
_aАнглоканадска литература _b821.111(71) _x-311.6 _z821.111(71)-311.6 |
||
| 100 | 1 |
_aАндерсън, Пол _eпърви автор _9265054 |
|
| 700 |
_aДжанабетска, Боряна Ангелова, 1957- _9364686 |
||
| 700 | 1 |
_aДимитрова, Мариана _eпрев. _9375587 |
|
| 139 |
_aАндерсън, Пол _bА 65 |
||
| 245 | 1 | 0 |
_aНевести на копнежа _bРоман _cПол Андерсън; прев. Боряна Ангелова Джанабетска; прев. Мариана Димитрова. |
| 257 | _aCAN | ||
| 260 |
_аСофия _bЕднорог _c2009 |
||
| 300 |
_a800 с. _c20 см |
||
| 380 | _aX | ||
| 500 | _aОриг. загл. Hunger's Brides / W. Paul Anderson. | ||
| 653 | _aисторически романи | ||
| 659 | _aН | ||
| 852 | _aЦб 269348 | ||
| 856 | 4 |
_qpdf _u |
|
| 856 | 4 |
_qpdf _u |
|
| 942 |
_cKNG _n0 _015 |
||
| 944 |
_aCR _c13.06.2014 _lМинев Младен _k30530 |
||
| 944 |
_aED _c19.01.2017 _lф / _kЛюдмила_Стоянова |
||
| 999 |
_c155304 _d155304 |
||